Pureblood Families of the Wizarding World - Statistics

General Stats
  • This quiz has been taken 17 times
  • The average score is 13 of 35
Answer Stats
Answer % Correct
Black
100%
Malfoy
100%
Weasley
100%
Potter
91%
Lestrange
64%
Longbottom
64%
Nott
64%
Gaunt
55%
Parkinson
55%
Avery
45%
Carrow
45%
MacMillan
45%
Bulstrode
36%
Crouch
36%
Greengrass
36%
Ollivander
36%
Prewett
36%
Selwyn
36%
Slughorn
36%
Yaxley
36%
Burke
27%
Rosier
27%
Abott
18%
Fawley
18%
Travers
18%
Bagshot
9%
Flint
9%
Gryffindor
9%
Hufflepuff
9%
Ravenclaw
9%
Rowle
9%
Shacklebolt
9%
Shafiq
9%
Slytherin
9%
Dagworth-Granger
0%
No matching quizzes found
Score Distribution
Percent of People with Each Score
Percentile by Number Answered
Your Score History
You have not taken this quiz